Southville International School and Colleges
Your cart is empty.
  • Cart
  • Lists
    Public lists Eva Luna New books Lux_list list_1
    Your lists Log in to create your own lists
  • Log in to your account
  • Your cookies
  • Search history
Southville International School and Colleges
  • Advanced search
  • Recent comments
  • Most popular
  • Libraries

Log in to your account

Log in with GOOGLE


If you do not have an external account, but do have a local account, you can still log in:

  1. Home
  2. MARC view: The earth /
Normal view MARC view ISBD view

The earth / (Record no. 112383)

[ view plain ]
MARC details
000 -LEADER
fixed length control field 00522nam a2200193 a 4500
001 - CONTROL NUMBER
control field 2042
005 - DATE AND TIME OF LATEST TRANSACTION
control field 20140414131934.0
008 - FIXED-LENGTH DATA ELEMENTS--GENERAL INFORMATION
fixed length control field 040110s19uu xx 00 eng d
020 ## - INTERNATIONAL STANDARD BOOK NUMBER
International Standard Book Number 1-85833-199-4
050 ## - LIBRARY OF CONGRESS CALL NUMBER
Classification number REF 550
Item number C66 1994
100 ## - MAIN ENTRY--PERSONAL NAME
Personal name Coote, Roger
245 ## - TITLE STATEMENT
Title The earth /
Statement of responsibility, etc Roger Coote.
260 ## - PUBLICATION, DISTRIBUTION, ETC. (IMPRINT)
Place of publication, distribution, etc Singapore :
Name of publisher, distributor, etc Zigzag Publishing,
Date of publication, distribution, etc 1994.
300 ## - PHYSICAL DESCRIPTION
Extent 32 p. ; cm.
500 ## - GENERAL NOTE
General note w/ CD Rom
650 ## - SUBJECT ADDED ENTRY--TOPICAL TERM
Topical term or geographic name as entry element Earth sciences
General subdivision Juvenile literature.
650 ## - SUBJECT ADDED ENTRY--TOPICAL TERM
Topical term or geographic name as entry element Science
General subdivision Juvenile literature.
Holdings
Withdrawn status Lost status Damaged status Use restrictions Home library Current library Shelving location Date acquired Source of acquisition Cost, normal purchase price Total Checkouts Full call number Barcode Date last seen Price effective from Koha item type
        Munich Library Munich Library Reference Section 06/03/2004   212.50   REF 550 C66 1994 M3672 04/14/2014 04/14/2014 Books

The earth /

APA

Coote R., . (1994). The earth. Singapore: Zigzag Publishing.

Chicago

Coote Roger, . 1994. The earth. Singapore: Zigzag Publishing.

Harvard

Coote R., . (1994). The earth. Singapore: Zigzag Publishing.

MLA

Coote Roger, . The earth. Singapore: Zigzag Publishing. 1994.

  • Place hold
  • Print
  • Cite
  • Add to your cart (remove)
  • Save record
    BIBTEX Dublin Core MARCXML MARC (non-Unicode/MARC-8) MARC (Unicode/UTF-8) MARC (Unicode/UTF-8, Standard) MODS (XML) RIS
  • More searches
    Search for this title in:
    Other Libraries (WorldCat) Other Databases (Google Scholar) Online Stores (Bookfinder.com) Open Library (openlibrary.org)

Exporting to Dublin Core...

SOUTHVILLE LIBRARY

Southville International School and Colleges Library

1281 Tropical Ave. Cor. Luxembourg St., BF Homes International, Las Pinas City

Tel. No. 8256374 / 252358 Loc. 117/146

Powered by Koha